000 00634nam a2200217Ia 4500
003 OSt
005 20220926044626.0
006 a|||||r|||| 00| 0
007 ta
008 220923b |||||||| |||| 00| 0 eng d
037 _cGeneral Book
040 _aRTL
_cRTL
_beng
041 _2eng
_aeng
082 _aX9(J).2,d, K1
100 _aNaik K C
245 0 _aAgricultural education in India, Institutes and or
260 _c1961
490 _aIndian Council of Agricultural Research Education Series ed by D Raghavan and P L Jaiswal, 4
942 _hX9(J).2,d, K1
_cGB
_2CC
999 _c675362
_d675362